[Event "To Blitz, or not to Blitz? Knockout"]
[Site "SchemingMind.com"]
[Date "2018.09.11"]
[Round "-"]
[White "capablanca"]
[Black "cnile"]
[Result "1-0"]
[WhiteCountry "GER"]
[BlackCountry "SCO"]
[WhiteElo "1696"]
[WhiteRD "147"]
[BlackElo "1411"]
[BlackRD "65"]
[GameID "432403"]

1. d4 d5 2. c4 dxc4 3. Nc3 Nf6 4. Bf4 e6 5. e3 Bb4 6. Bxc4 Ne4 7. Ne2 c5 8. O-O cxd4 9. Nxe4 O-O 10. Qxd4 Qxd4
11. Nxd4 Bd7 12. a3 Be7 13. Nb5 Nc6 14. Bd6 Bxd6 15. Nbxd6 Rab8 16. Nc5 Bc8 17. Nxc8 Rfxc8 18. b4 Rc7 19. Be2 Rd8 20. Rfd1 Rxd1+
21. Rxd1 g6 22. Rd7
1-0

[Event "To Blitz, or not to Blitz? Knockout"]
[Site "SchemingMind.com"]
[Date "2018.09.11"]
[Round "-"]
[White "cnile"]
[Black "capablanca"]
[Result "0-1"]
[WhiteCountry "SCO"]
[BlackCountry "GER"]
[WhiteElo "1374"]
[WhiteRD "65"]
[BlackElo "1793"]
[BlackRD "81"]
[GameID "432404"]

1. e4 d5 2. d4 dxe4 3. Nc3 Bf5 4. Bc4 e6 5. Be3 Nc6 6. f3 exf3 7. Nxf3 Bb4 8. O-O Nge7 9. Kh1 O-O 10. Qe2 Nd5
11. Nxd5 exd5 12. Bb3 Re8 13. c3 Bd6 14. Bxd5 Qd7 15. Qf2 Nd8 16. b3 c6 17. Bc4 b5 18. Be2 h6 19. Rae1 Rf8 20. Nh4 Be6
21. Bd3 Bg4 22. Ng6 fxg6 23. Qh4 Rxf1+ 24. Rxf1 Bf5 25. Bxf5 gxf5 26. Qh5 Qf7 27. Qf3 Rc8 28. Bf4 Bxf4 29. Qxf4 Ne6 30. Qd6 Ng5
31. Qe5 Rf8 32. Qf4 Qd5 33. h4 Qe4 34. hxg5 Qxf4 35. Rxf4 hxg5 36. Rf2 g6 37. Re2 Kf7 38. Kg1 Re8 39. Kf2 Rxe2+ 40. Kxe2 Ke6
41. Kf3 g4+ 42. Kf4 Kf6 43. g3 g5+ 44. Ke3 Ke6 45. a3 Kd5 46. Kd3 f4 47. c4+ Kd6 48. cxb5 cxb5 49. b4 fxg3 50. Ke2 Kd5
51. Ke3 g2 52. Kf2 Kxd4 53. Kxg2 Kc3 54. Kg3 Kb3 55. Kxg4 Kxa3 56. Kxg5 Kxb4 57. Kf4 Kc3
0-1

[Event "To Blitz, or not to Blitz? Knockout"]
[Site "SchemingMind.com"]
[Date "2018.09.16"]
[Round "-"]
[White "Robert Hatfield"]
[Black "frankly"]
[Result "1/2-1/2"]
[WhiteCountry "USA"]
[BlackCountry "ENG"]
[WhiteElo "1925"]
[WhiteRD "75"]
[BlackElo "2559"]
[BlackRD "71"]
[GameID "432596"]

1. e4 c5 2. Nf3 Nc6 3. d4 cxd4 4. Nxd4 e5 5. Nb5 d6 6. N1c3 a6 7. Na3 b5 8. Nd5 Nf6 9. Bg5 Be7 10. Bxf6 Bxf6
11. c3 O-O 12. Be2 Bg5 13. O-O Ne7 14. Nc2 Nxd5 15. Qxd5 Be6 16. Qd3 a5 17. Rfd1 Rc8 18. Ne3 b4 19. Nd5 bxc3 20. Nxc3 Qb6
21. Qb5 Qxb5 22. Bxb5 Rfd8 23. Rd3 h5 24. Rad1 Rc5 25. Rxd6 Rxd6 26. Rxd6 Bc1 27. Rc6 Rxc6 28. Bxc6 Bxb2 29. Nd5 h4 30. Kf1 h3
31. gxh3 Bxh3+ 32. Ke2 Be6 33. a4 Bd4 34. Bb5 Bc5 35. Ne3 Bxe3 36. Kxe3 Kf8 37. f4 f6 38. f5 Bb3 39. Kd3 Ke7 40. Kc3 Bd1
41. Kd2 Bh5 42. Kc3 Kd6 43. h4 Bd1 44. Kd2 Bf3 45. Bd3 Kc5 46. Kc3 Bd1 47. Bb5 Bf3 48. Bd3 Bd1 49. Bb5 Bf3 50. Bd3 Bd1
51. Bb5
1/2-1/2

[Event "To Blitz, or not to Blitz? Knockout"]
[Site "SchemingMind.com"]
[Date "2018.09.16"]
[Round "-"]
[White "frankly"]
[Black "Robert Hatfield"]
[Result "1-0"]
[WhiteCountry "ENG"]
[BlackCountry "USA"]
[WhiteElo "2595"]
[WhiteRD "69"]
[BlackElo "1900"]
[BlackRD "72"]
[GameID "432597"]

1. d4 Nf6 2. Nf3 e6 3. c4 Bb4+ 4. Bd2 a5 5. g3 d6 6. Bg2 Nbd7 7. O-O e5 8. Nc3 O-O 9. Qc2 Re8 10. dxe5 Nxe5
11. Nxe5 Rxe5 12. Rfe1 Rb8 13. e3 Bd7 14. a3 Bxc3 15. Bxc3 Rh5 16. e4 Bh3 17. Qe2 Bxg2 18. Bxf6 Qxf6 19. Qxh5 Bf3 20. Qxa5
1-0

[Event "To Blitz, or not to Blitz? Knockout"]
[Site "SchemingMind.com"]
[Date "2018.10.03"]
[Round "-"]
[White "Clive Everill"]
[Black "Aleksandr Frenkel"]
[Result "0-1"]
[WhiteCountry "CZE"]
[BlackCountry "USA"]
[WhiteElo "1696"]
[WhiteRD "58"]
[BlackElo "2200"]
[BlackRD "77"]
[GameID "433175"]

1. Nf3 b6 2. c4 Bb7 3. Nc3 e6 4. g3 Nf6 5. Bg2 Bb4 6. Qc2 O-O 7. O-O c5 8. Rd1 Nc6 9. b3 Rc8 10. Bb2 d5
11. cxd5 Nxd5 12. Nxd5 Qxd5 13. Ne5 Qxg2+ 14. Kxg2 Nd4+ 15. f3 Nxc2 16. Rac1 Nd4 17. Bxd4 cxd4 18. d3 f6 19. Ng4 b5 20. Nf2 Ba3
21. Rxc8 Rxc8 22. h4 Rc2 23. Kf1 Rxa2 24. Nh3 a5 25. Nf4 e5 26. Ne6 Rc2 27. Nd8 Bd5 28. e4 dxe3 29. Re1 Rf2+ 30. Kg1 Bc5
0-1

[Event "To Blitz, or not to Blitz? Knockout"]
[Site "SchemingMind.com"]
[Date "2018.10.03"]
[Round "-"]
[White "Aleksandr Frenkel"]
[Black "Clive Everill"]
[Result "1-0"]
[WhiteCountry "USA"]
[BlackCountry "CZE"]
[WhiteElo "2200"]
[WhiteRD "77"]
[BlackElo "1696"]
[BlackRD "58"]
[GameID "433176"]

1. e4 d6 2. d4 Nf6 3. Nc3 g6 4. Nf3 Bg7 5. h3 O-O 6. Be3 a6 7. a4 b6 8. Bd3 Nc6 9. Qd2 Bb7 10. O-O e5
11. dxe5 Nxe5 12. Nxe5 dxe5 13. a5 b5 14. Bc5 Re8 15. Rad1 Nd7 16. Ba3 c5 17. Nxb5 axb5 18. Bxb5 Re7 19. Bxc5 Nxc5 20. Qxd8+ Rxd8
21. Rxd8+ Bf8 22. f3 Ba6 23. Bxa6 Nxa6 24. c3 Kg7 25. b4 Rc7 26. Ra8 Nxb4 27. cxb4 Bxb4 28. a6 f6 29. Rb1 Bd2 30. Rb7
1-0

[Event "To Blitz, or not to Blitz? Knockout"]
[Site "SchemingMind.com"]
[Date "2018.10.03"]
[Round "-"]
[White "Holty"]
[Black "Abstract Actuary"]
[Result "0-1"]
[WhiteCountry "ENG"]
[BlackCountry "USA"]
[WhiteElo "1726"]
[WhiteRD "60"]
[BlackElo "1931"]
[BlackRD "76"]
[GameID "433197"]

1. d4 Nf6 2. Nf3 d6 3. c4 g6 4. Nc3 Bg7 5. e4 c5 6. d5 O-O 7. h3 Nbd7 8. Bg5 a6 9. a4 b6 10. Bd3 Bb7
11. O-O Qc7 12. Qd2 e6 13. Bh6 exd5 14. cxd5 Rfe8 15. b3 Ne5 16. Nxe5 dxe5 17. Rac1 Red8 18. Ne2 Ne8 19. Bxg7 Kxg7 20. Qe3 Qe7
21. Qg3 Nd6 22. f4 exf4 23. Nxf4 Bc8 24. Nh5+ Kh8 25. Nf6 Nf5 26. exf5 Qxf6 27. Qf3 Bb7 28. fxg6 Qd4+ 29. Kh1 fxg6 30. Rc4 Qg7
31. Qf7 Qxf7 32. Rxf7 Bxd5 33. Rh4 Bxf7
0-1

[Event "To Blitz, or not to Blitz? Knockout"]
[Site "SchemingMind.com"]
[Date "2018.10.03"]
[Round "-"]
[White "Abstract Actuary"]
[Black "Holty"]
[Result "1-0"]
[WhiteCountry "USA"]
[BlackCountry "ENG"]
[WhiteElo "1931"]
[WhiteRD "76"]
[BlackElo "1726"]
[BlackRD "60"]
[GameID "433198"]

1. e4 e6 2. d4 d5 3. Nd2 Nf6 4. e5 Nfd7 5. Bd3 c5 6. c3 Nc6 7. Ne2 Qb6 8. Nf3 cxd4 9. cxd4 f6 10. exf6 Nxf6
11. O-O Bd6 12. Bf4 Bxf4 13. Nxf4 Qxb2 14. Re1 O-O 15. Re2 Qb6 16. Rb1 Qc7 17. Nxe6 Bxe6 18. Rxe6 Nd8 19. Re2 Ng4 20. h3 Nf6
21. Qb3 a6 22. Rbe1 Qd6 23. Ne5 b5 24. Bf5 Ra7 25. Qg3 Nf7 26. Nxf7 Rfxf7 27. Qxd6 Ne4 28. Bxe4 Rfd7 29. Bxd5+
1-0

[Event "To Blitz, or not to Blitz? Knockout"]
[Site "SchemingMind.com"]
[Date "2018.10.20"]
[Round "-"]
[White "John Hamer"]
[Black "kazimoto75"]
[Result "0-1"]
[WhiteCountry "ENG"]
[BlackCountry "POL"]
[WhiteElo "2033"]
[WhiteRD "70"]
[BlackElo "2124"]
[BlackRD "97"]
[GameID "433745"]

1. d4 d5 2. c4 e6 3. Nf3 Nf6 4. Bg5 Bb4+ 5. Nc3 dxc4 6. Qa4+ Nc6 7. e4 Bd7 8. Qc2 h6 9. Bd2 Na5 10. Be2 Rb8
11. O-O O-O 12. e5 Nh7 13. Rad1 Bc6 14. a3 Bxc3 15. Bxc3 Qd5 16. Bb4 Rfc8 17. h4 Nf8 18. Qc3 b6 19. h5 Rd8 20. Rd2 Qe4
21. Bxa5 bxa5 22. Bxc4 Qg4 23. Be2 Ba8 24. Qxa5 Qxh5 25. Ne1 Qf5 26. Bd3 Qf4 27. Qc3 g6 28. Be2 c5 29. Nc2 Rb3 30. g3 Qe4
31. f3 Rxc3 32. fxe4 Rxg3+ 33. Kf2 Rb3 34. Na1 Rh3 35. Rfd1 cxd4 36. Rxd4 Rb8 37. R1d2 Kg7 38. Bf1 Rh4 39. Bg2 g5 40. b4 Ng6
41. Rd7 Rf4+ 42. Ke1 Nxe5 43. Rxa7 Bxe4 44. Bxe4 Rxe4+ 45. Kf2 Rc8 46. Nb3 Rc3 47. Nc5 Rh4 48. Nxe6+ Kf6
0-1

[Event "To Blitz, or not to Blitz? Knockout"]
[Site "SchemingMind.com"]
[Date "2018.10.20"]
[Round "-"]
[White "kazimoto75"]
[Black "John Hamer"]
[Result "1-0"]
[WhiteCountry "POL"]
[BlackCountry "ENG"]
[WhiteElo "2124"]
[WhiteRD "97"]
[BlackElo "2033"]
[BlackRD "70"]
[GameID "433746"]

1. c4 Nf6 2. Nf3 e6 3. e3 d5 4. d4 Be7 5. Nc3 O-O 6. b3 c5 7. Bb2 Nc6 8. dxc5 Bxc5 9. Be2 Qe7 10. cxd5 Rd8
11. O-O exd5 12. Na4 Bb4 13. Nd4 Bd7 14. Rc1 Rac8 15. Nb5 a6 16. Nd4 Ba5 17. Nc5 Rc7 18. Nxc6 Bxc6 19. Qd4 Bb6 20. b4 Re8
21. Qh4 Bb5 22. Bxf6 gxf6 23. Bxb5 axb5 24. Rfd1 Rd8 25. h3 Kh8 26. Qh5 Qd6 27. Rd4 Qe5 28. Qe2 Bxc5 29. Rxc5 Rxc5 30. bxc5 Ra8
31. Qxb5 Rxa2 32. g3 Ra7 33. Qd7 Ra1+ 34. Kg2 Kg7 35. Rg4+ Kf8 36. Qxb7 f5 37. Qc8+ Ke7 38. Rb4 Qe6 39. Rb7+
1-0

[Event "To Blitz, or not to Blitz? Knockout"]
[Site "SchemingMind.com"]
[Date "2018.10.22"]
[Round "-"]
[White "clare1347"]
[Black "kenneth m day"]
[Result "1-0"]
[WhiteCountry "ENG"]
[BlackCountry "USA"]
[WhiteElo "2332"]
[WhiteRD "95"]
[BlackElo "1732"]
[BlackRD "59"]
[GameID "433799"]

1. Nf3 Nf6 2. g3 d5 3. Bg2 c6 4. d4 Bg4 5. Ne5 Bh5 6. Nd2 Nbd7 7. Ndf3 Nxe5 8. dxe5 Ne4 9. e6 fxe6 10. Qd4 Nd6
11. Ng5 Qd7 12. O-O h6 13. Nf3 Nf7 14. Ne5 Nxe5 15. Qxe5 Bf7 16. Bf4 Qd6 17. Qc3 Qd7 18. Be5 Rg8 19. f4 g6 20. e4 Rc8
21. Bh3 b6 22. a4 g5 23. fxg5 hxg5 24. Rxf7 Kxf7 25. Bg4 Ke8 26. Bh5+ Kd8 27. Bf7
1-0

[Event "To Blitz, or not to Blitz? Knockout"]
[Site "SchemingMind.com"]
[Date "2018.10.21"]
[Round "-"]
[White "kenneth m day"]
[Black "clare1347"]
[Result "0-1"]
[WhiteCountry "USA"]
[BlackCountry "ENG"]
[WhiteElo "1735"]
[WhiteRD "57"]
[BlackElo "2304"]
[BlackRD "98"]
[GameID "433800"]

1. e4 e5 2. Nf3 Nc6 3. c3 d5 4. Qa4 Qd6 5. d3 Nf6 6. Nbd2 Be7 7. Be2 O-O 8. O-O Bd7 9. Qc2 a6 10. Re1 Rfd8
11. h3 b5 12. Nb3 Be6 13. Bg5 h6 14. Bxf6 Bxf6 15. Rad1 Rab8 16. exd5 Bxd5 17. c4 Nb4 18. Qb1 Ba8 19. a3 Nc6 20. Qc2 b4
21. a4 a5 22. Nfd2 Nd4 23. Nxd4 Qxd4 24. Nb3 Qh4 25. Bg4 h5 26. g3 Qg5 27. Qd2 hxg4 28. hxg4 Qxg4
0-1

[Event "To Blitz, or not to Blitz? Knockout"]
[Site "SchemingMind.com"]
[Date "2018.10.21"]
[Round "-"]
[White "willyboy"]
[Black "Andrea Carra"]
[Result "1-0"]
[WhiteCountry "AUT"]
[BlackCountry "ITA"]
[WhiteElo "2129"]
[WhiteRD "62"]
[BlackElo "2000"]
[BlackRD "101"]
[GameID "433811"]

1. e4 e6 2. d4 d5 3. Nd2 c5 4. Ngf3 cxd4 5. exd5 Qxd5 6. Bc4 Qd7 7. O-O Nf6 8. Nb3 Nc6 9. Nbxd4 Nxd4 10. Nxd4 a6
11. Bg5 Be7 12. Re1 O-O 13. Rxe6 Qc7 14. Re3 Qxc4 15. Rxe7 Nd5 16. Re4 f6 17. Bd2 Bf5 18. b3 Qc8 19. Re1 Bd7 20. c4 Nc7
21. Ba5 Ne6 22. Nf5 Kh8 23. Bb4 Nc5 24. Ne7 Qc7 25. Bxc5 Qxc5 26. Qxd7 Rad8 27. Qxb7
1-0

[Event "To Blitz, or not to Blitz? Knockout"]
[Site "SchemingMind.com"]
[Date "2018.10.21"]
[Round "-"]
[White "Andrea Carra"]
[Black "willyboy"]
[Result "0-1"]
[WhiteCountry "ITA"]
[BlackCountry "AUT"]
[WhiteElo "2000"]
[WhiteRD "101"]
[BlackElo "2129"]
[BlackRD "62"]
[GameID "433812"]

1. e4 e5 2. Nf3 Nc6 3. Bc4 Nf6 4. d3 Bc5 5. c3 a6 6. O-O Ba7 7. Bb3 O-O 8. h3 d6 9. Re1 Na5 10. Bc2 c5
11. Nbd2 Be6 12. Nf1 h6 13. Ne3 Re8 14. Nh2 b5 15. Neg4 b4 16. Qd2 Nxg4 17. hxg4 bxc3 18. bxc3 Rb8 19. c4 Bd7 20. g3 Bb6
21. f4 Nc6 22. Qf2 Ba5 23. Rf1 Bc3 24. Rb1 Rxb1 25. Bxb1 Qa5 26. Bb2 Rb8 27. Bxc3 Qxc3 28. Qc2 Qb2 29. Qa4 Nd4
0-1

[Event "To Blitz, or not to Blitz? Knockout"]
[Site "SchemingMind.com"]
[Date "2018.11.07"]
[Round "-"]
[White "peeuukoo"]
[Black "smothered mate"]
[Result "0-1"]
[WhiteCountry "FIN"]
[BlackCountry "POL"]
[WhiteElo "1887"]
[WhiteRD "114"]
[BlackElo "2153"]
[BlackRD "88"]
[GameID "434346"]

1. d4 Nf6 2. c4 c5 3. d5 b5 4. cxb5 a6 5. b6 d6 6. Nc3 Qxb6 7. e4 g6 8. Bd3 Bg7 9. Nge2 O-O 10. O-O Ne8
11. Rb1 Nc7 12. Be3 Qb7 13. Qd2 Nd7 14. h3 Ne5 15. Ng3 Bxh3 16. Be2 Bg4 17. f3 Bd7 18. Qd1 h5 19. Re1 Nb5 20. Nh1 f5
21. f4 Ng4 22. Bxg4 fxg4 23. g3 Nd4 24. Bxd4 Bxd4+ 25. Kg2 e6 26. Qc2 e5 27. Ne2 exf4 28. Nxf4 g5 29. Nd3 Rf3 30. a4 Raf8
31. b3 Bf5 32. Qd2 Kh8 33. Qxg5 Rxd3 34. Qh6+ Kg8 35. Qg5+ Bg7 36. Nf2 Rf3 37. Re2 Bh7 38. Qxh5 Rxf2+ 39. Rxf2 Bxe4+ 40. Kg1 Bxb1
41. Rxf8+ Bxf8
0-1

[Event "To Blitz, or not to Blitz? Knockout"]
[Site "SchemingMind.com"]
[Date "2018.11.07"]
[Round "-"]
[White "smothered mate"]
[Black "peeuukoo"]
[Result "1-0"]
[WhiteCountry "POL"]
[BlackCountry "FIN"]
[WhiteElo "2229"]
[WhiteRD "85"]
[BlackElo "1896"]
[BlackRD "110"]
[GameID "434347"]

1. d4 d5 2. Bg5 h6 3. Bh4 c6 4. c3 Bf5 5. Nd2 Nd7 6. e3 Ngf6 7. f4 Qb6 8. Nb3 a5 9. Bd3 Ne4 10. Qc2 c5
11. dxc5 Ndxc5 12. Nxc5 Qxc5 13. Qa4+ Bd7 14. Qd4 Qxd4 15. exd4 e6 16. Ke2 f5 17. Nf3 Bd6 18. Ne5 Bxe5 19. fxe5 g5 20. Be1 Ke7
21. Kf3 g4+ 22. Kf4 Ng5 23. Bh4 Rhg8 24. b3 Kf7 25. c4 Bc6 26. Rac1 Ke8 27. Rc2 Rd8 28. c5 Rg7 29. a4 Rb8 30. Be1 Ra8
31. h3 gxh3 32. gxh3 Kf7 33. Rhh2 Kg8 34. h4 Ne4 35. Rcg2 Rxg2 36. Rxg2+ Kh7 37. Bf1 Rg8 38. Rxg8 Kxg8 39. Bxa5 Kf7 40. Be1 Ke7
41. Be2 Be8 42. Bd1 Kd7 43. b4 Kc7 44. b5 Kb8 45. Be2 Kc8 46. Ke3 b6 47. cxb6 Kb7 48. a5 Bd7 49. Kf4 Be8 50. h5 Bd7
51. Bb4 Ng5 52. Be7 Nf7 53. Bc5 Nd8 54. a6+
1-0

[Event "To Blitz, or not to Blitz? Knockout"]
[Site "SchemingMind.com"]
[Date "2018.11.19"]
[Round "-"]
[White "willyboy"]
[Black "Abstract Actuary"]
[Result "1-0"]
[WhiteCountry "AUT"]
[BlackCountry "USA"]
[WhiteElo "2189"]
[WhiteRD "67"]
[BlackElo "1899"]
[BlackRD "79"]
[GameID "434783"]

1. e4 d6 2. d4 Nf6 3. Nc3 g6 4. Be2 Bg7 5. Nf3 c5 6. d5 Nbd7 7. O-O b6 8. a4 Bb7 9. h3 a6 10. Bg5 Qc7
11. Qd3 O-O 12. Rfd1 Rae8 13. Qd2 Ne5 14. Nxe5 dxe5 15. d6 exd6 16. Qxd6 Qxd6 17. Rxd6 Nxe4 18. Rxb6 Nxg5 19. Rxb7 Rb8 20. Bxa6 Rxb7
21. Bxb7 Rb8 22. Bd5 Rxb2 23. a5 Ne6 24. Bxe6 fxe6 25. a6 Rb8 26. a7 Ra8 27. Nb5 e4 28. Ra4 Be5 29. Rxe4 Bb8 30. axb8=Q+ Rxb8
31. c4 Kf7 32. Re5
1-0

[Event "To Blitz, or not to Blitz? Knockout"]
[Site "SchemingMind.com"]
[Date "2018.11.21"]
[Round "-"]
[White "Abstract Actuary"]
[Black "willyboy"]
[Result "0-1"]
[WhiteCountry "USA"]
[BlackCountry "AUT"]
[WhiteElo "1899"]
[WhiteRD "79"]
[BlackElo "2189"]
[BlackRD "67"]
[GameID "434784"]

1. e4 e5 2. Nf3 d6 3. d4 exd4 4. Nxd4 g6 5. Nc3 Bg7 6. Be3 Nc6 7. Qd2 Nf6 8. f3 O-O 9. O-O-O Nxd4 10. Bxd4 Be6
11. g4 c5 12. Be3 Nd7 13. Bh6 Bxh6 14. Qxh6 Ne5 15. Be2 b5 16. Bxb5 Nxf3 17. e5 Nxe5 18. Ne4 Nxg4 19. Qf4 d5 20. Nxc5 Nf6
21. Rhf1 Qb6 22. Qxf6 Qxc5 23. Bd3 Rab8 24. h4 Rb6 25. Qg5 Qd4 26. c3 Qa4 27. Bb1 Rc8 28. h5 d4 29. hxg6 Rxc3+ 30. bxc3 Qa3+
31. Kd2 Qxc3+ 32. Ke2 Rb2+ 33. Rd2 Bg4+ 34. Ke1 Rxb1+ 35. Kf2 Qf3+ 36. Kg1 Rxf1+ 37. Kh2 Rh1#
0-1

[Event "To Blitz, or not to Blitz? Knockout"]
[Site "SchemingMind.com"]
[Date "2018.11.19"]
[Round "-"]
[White "capablanca"]
[Black "frankly"]
[Result "0-1"]
[WhiteCountry "GER"]
[BlackCountry "ENG"]
[WhiteElo "1748"]
[WhiteRD "65"]
[BlackElo "2538"]
[BlackRD "63"]
[GameID "434830"]

1. d4 Nf6 2. c4 e6 3. Nc3 Bb4 4. Bd2 O-O 5. Nf3 b6 6. e3 Bb7 7. Be2 d6 8. O-O Nbd7 9. a3 Bxc3 10. Bxc3 Ne4
11. Be1 f5 12. Bd3 d5 13. b3 Nd6 14. Bc3 dxc4 15. bxc4 Rf6 16. c5 Ne4 17. Bxe4 fxe4 18. d5 Nxc5 19. Bxf6 Qxf6 20. Nd4 exd5
21. Qc2 Ba6 22. Rfd1 Bd3 23. Qd2 Bc4 24. Rab1 Rf8 25. Nb5 Nd3
0-1

[Event "To Blitz, or not to Blitz? Knockout"]
[Site "SchemingMind.com"]
[Date "2018.11.19"]
[Round "-"]
[White "frankly"]
[Black "capablanca"]
[Result "1-0"]
[WhiteCountry "ENG"]
[BlackCountry "GER"]
[WhiteElo "2559"]
[WhiteRD "71"]
[BlackElo "1790"]
[BlackRD "74"]
[GameID "434831"]

1. e4 c5 2. Nf3 d6 3. d4 cxd4 4. Nxd4 g6 5. Nc3 Bg7 6. Be3 a6 7. Qd2 Nf6 8. f3 O-O 9. O-O-O Nc6 10. g4 Nxd4
11. Bxd4 Nd7 12. Bxg7 Kxg7 13. h4 Ne5 14. Be2 Be6 15. f4 Nxg4 16. f5 Nf2 17. Qd4+
1-0

[Event "To Blitz, or not to Blitz? Knockout"]
[Site "SchemingMind.com"]
[Date "2018.12.09"]
[Round "-"]
[White "kazimoto75"]
[Black "frankly"]
[Result "1/2-1/2"]
[WhiteCountry "POL"]
[BlackCountry "ENG"]
[WhiteElo "2184"]
[WhiteRD "97"]
[BlackElo "2545"]
[BlackRD "65"]
[GameID "435759"]

1. d4 Nf6 2. c4 e6 3. Nc3 Bb4 4. Nf3 b6 5. Bd2 Bb7 6. g3 O-O 7. Bg2 d6 8. O-O Nbd7 9. b3 h6 10. a3 Bxc3
11. Bxc3 Qe7 12. e3 a5 13. Re1 c5 14. Bb2 Rfe8 15. Bf1 a4 16. b4 d5 17. cxd5 cxb4 18. axb4 Qxb4 19. Ba3 Qa5 20. e4 exd5
21. e5 Ne4 22. Nh4 Bc8 23. Qc2 Qd2 24. Qxd2 Nxd2 25. Bg2 Nb8 26. Bxd5 Ra5 27. Bg2 Na6 28. Bc6 Rd8 29. Bd6 Bd7 30. Bxd7 Rxd7
31. Rac1 Kh7 32. Rc2 Nb3 33. Nf3 Rd5 34. Rc6 Rb7 35. Kg2 Nb8 36. Rc8 Nd7 37. Re4 b5 38. Re8 b4 39. Rf4 Nf6 40. Ra8 Nc1
41. Bxb4 Nd3 42. Bd2 Nxf4+ 43. Bxf4 Ne4 44. Rxa4 Rb2 45. Be3 Rdb5 46. Ra3 R5b3 47. Rxb3 Rxb3=
1/2-1/2

[Event "To Blitz, or not to Blitz? Knockout"]
[Site "SchemingMind.com"]
[Date "2018.12.09"]
[Round "-"]
[White "frankly"]
[Black "kazimoto75"]
[Result "1-0"]
[WhiteCountry "ENG"]
[BlackCountry "POL"]
[WhiteElo "2544"]
[WhiteRD "63"]
[BlackElo "2110"]
[BlackRD "99"]
[GameID "435760"]

1. d4 Nf6 2. Nf3 e6 3. c4 b6 4. g3 Bb7 5. Bg2 Bb4+ 6. Bd2 Be7 7. Nc3 O-O 8. O-O c6 9. Bf4 d5 10. Qd3 Ba6
11. b3 dxc4 12. bxc4 Nd5 13. Be5 f6 14. Bf4 Qe8 15. Ne4 Nxf4 16. gxf4 Bb7 17. e3 Na6 18. c5 Nb4 19. Qd2 Nd5 20. Nd6 Bxd6
21. cxd6 b5 22. Ne1 Nb6 23. Nd3 Nc4 24. Qc3 Nxd6 25. Nc5 Rb8 26. Qa3 Nf5 27. Kh1 Nh4 28. Be4 f5 29. Bg2 a6 30. Qd3 Nxg2
31. Kxg2 Rf6 32. Kh1 Qf8 33. Rg1 Qd6 34. Rg5 Qe7 35. Rag1 Rf7 36. Qf1 Rbf8 37. Qh3 Rc8 38. Rh5 g6 39. Rxg6+
1-0

[Event "To Blitz, or not to Blitz? Knockout"]
[Site "SchemingMind.com"]
[Date "2019.03.14"]
[Round "-"]
[White "smothered mate"]
[Black "Aleksandr Frenkel"]
[Result "1/2-1/2"]
[WhiteCountry "POL"]
[BlackCountry "USA"]
[WhiteElo "2241"]
[WhiteRD "77"]
[BlackElo "2167"]
[BlackRD "79"]
[GameID "439364"]

1. e4 e5 2. Nf3 Nc6 3. Bb5 a6 4. Ba4 Nf6 5. O-O Be7 6. Re1 b5 7. Bb3 O-O 8. c3 d5 9. exd5 Nxd5 10. d4 exd4
11. cxd4 Bg4 12. Nc3 Nf6 13. Be3 Na5 14. Bc2 Nc4 15. Bc1 Bb4 16. h3 Bxf3 17. Qxf3 Qxd4 18. Rd1 Qe5 19. a4 Bxc3 20. bxc3 b4
21. Bf4 Qxc3 22. Qxc3 bxc3 23. Rd4 Nb6 24. Bxc7 Nbd5 25. Be5 Rfe8 26. f4 Rac8 27. Bb3 Rc5 28. Rc1 h5 29. Kh2 Rec8 30. Rd3 h4
31. Bd4 Nxf4 32. Rdxc3 Rxc3 33. Rxc3 Rxc3 34. Bxc3 Ne4 35. Be1 g5 36. Bc4 Nc5 37. a5 Kg7 38. g3 hxg3+ 39. Kxg3 f5 40. h4 Kg6
41. hxg5 Kxg5 42. Kf3 Nfd3 43. Bc3 f4 44. Ke2 Nc1+ 45. Kf3 Kf5 46. Bf1 N1d3 47. Bh3+ Kg5=
1/2-1/2

[Event "To Blitz, or not to Blitz? Knockout"]
[Site "SchemingMind.com"]
[Date "2019.03.14"]
[Round "-"]
[White "Aleksandr Frenkel"]
[Black "smothered mate"]
[Result "1/2-1/2"]
[WhiteCountry "USA"]
[BlackCountry "POL"]
[WhiteElo "2149"]
[WhiteRD "82"]
[BlackElo "2236"]
[BlackRD "77"]
[GameID "439365"]

1. e4 c5 2. Nf3 d6 3. d4 cxd4 4. Nxd4 Nf6 5. Nc3 g6 6. Be3 Bg7 7. f3 O-O 8. Qd2 Nc6 9. O-O-O Bd7 10. g4 Qb8
11. h4 h5 12. Nd5 Nxg4 13. fxg4 Bxg4 14. Be2 Bxe2 15. Nxe2 e6 16. Ndc3 Rd8 17. Bg5 Rd7 18. Bh6 Bh8 19. Rhg1 b5 20. Ng3 b4
21. Nce2 Qb5 22. Qg5 Rb8 23. Nxh5 Qxg5+ 24. Bxg5 gxh5 25. Bf4+ Kh7 26. Rg5 Rg8 27. Rxh5+ Kg6 28. Rg5+ Kh7 29. Rxg8 Kxg8 30. Rxd6 Rxd6
31. Bxd6 Bf6 32. h5 Kh7 33. Bf4 Ne5 34. Kb1 Nf3 35. c4 bxc3 36. bxc3 Bg5 37. Bxg5 Nxg5 38. Ng3 Nf3 39. Kc2 Kh6 40. c4 Ne5
41. c5 a6 42. Kd2 Nc6 43. a4 Na5 44. Ke3 Nc6 45. Kf4 a5 46. Kg4 Ne5+ 47. Kh4 Nf3+ 48. Kh3 Ne5 49. Ne2 Kxh5 50. Nd4 Kg5
51. c6 Nc4 52. c7 Nd6 53. Nc6 Kf4 54. Nxa5 Kxe4 55. Nc4 Nc8 56. a5 Kd5 57. Nb6+ Kc6 58. Nxc8 Kxc7 59. Nb6 Kc6 60. Nc4 Kb5
61. Kg4 e5 62. Kf5 f6 63. Ke4 Ka6 64. Kf3 Kb5 65. Ke4=
1/2-1/2

[Event "To Blitz, or not to Blitz? Knockout"]
[Site "SchemingMind.com"]
[Date "2019.04.17"]
[Round "-"]
[White "Ronald R. Nurmi"]
[Black "Karsten Kjeldsen"]
[Result "0-1"]
[WhiteCountry "USA"]
[BlackCountry "DEN"]
[WhiteElo "1793"]
[WhiteRD "74"]
[BlackElo "2268"]
[BlackRD "118"]
[GameID "440328"]

1. d4 Nf6 2. Nc3 d5 3. Bf4 c5 4. e3 cxd4 5. exd4 a6 6. Nf3 Nc6 7. Ne5 e6 8. Be2 Bd6 9. O-O Qc7 10. Nxc6 Bxf4
11. Nb4 Bxh2+ 12. Kh1 Bd6 13. Nd3 Ne4 14. Nxe4 dxe4 15. Ne1 O-O 16. c3 f5 17. Nc2 Rf6 18. Ne3 Rh6+
0-1

[Event "To Blitz, or not to Blitz? Knockout"]
[Site "SchemingMind.com"]
[Date "2019.04.16"]
[Round "-"]
[White "Karsten Kjeldsen"]
[Black "Ronald R. Nurmi"]
[Result "1-0"]
[WhiteCountry "DEN"]
[BlackCountry "USA"]
[WhiteElo "2256"]
[WhiteRD "117"]
[BlackElo "1768"]
[BlackRD "76"]
[GameID "440329"]

1. e4 d5 2. exd5 Qxd5 3. Nc3 Qd6 4. d4 Nf6 5. Nf3 c6 6. h3 Bf5 7. Ne5 Nbd7 8. Nc4 Qc7 9. Qf3 Be6 10. Bf4 Qd8
11. O-O-O Nb6 12. Nxb6 axb6 13. d5 cxd5 14. Nxd5 Bxd5 15. Bb5+
1-0

[Event "To Blitz, or not to Blitz? Knockout"]
[Site "SchemingMind.com"]
[Date "2019.06.08"]
[Round "-"]
[White "clare1347"]
[Black "Karsten Kjeldsen"]
[Result "1/2-1/2"]
[WhiteCountry "ENG"]
[BlackCountry "DEN"]
[WhiteElo "2274"]
[WhiteRD "91"]
[BlackElo "2236"]
[BlackRD "114"]
[GameID "442054"]

1. e4 c5 2. Nc3 g6 3. g3 Bg7 4. Bg2 Nc6 5. Nge2 d6 6. O-O Nf6 7. d3 O-O 8. Bg5 h6 9. Be3 Bd7 10. f3 Qb6
11. Rb1 a5 12. h3 Nd4 13. f4 e5 14. Rf2 Rae8 15. Qd2 exf4 16. Rxf4 g5 17. Rff1 d5 18. exd5 Nxc2 19. Bf2 Nd4 20. g4 Nxe2+
21. Nxe2 Qd6 22. Ng3 b6 23. Ne4 Nxe4 24. dxe4 Bb5 25. Rfe1 Re7 26. Bf3 Rc8 27. h4 Qf6 28. Kg2 gxh4 29. Rh1 Qg6 30. Rbe1 Rce8
31. Rxh4 Rxe4 32. Bxe4 Rxe4 33. Rxe4 Qxe4+ 34. Kh2 Bc4=
1/2-1/2